000 00921cam a22002893a 4500
001 25686
003 PGUSA
005 20140828083543.0
008 080603s2008||||xxu|||||s|||||000 | eng d
040 _aPGUSA
_beng
042 _adc
050 4 _aE895
100 1 _aIraq Study Group
_q(U.S.)
245 1 4 _aThe Iraq Study Group Report
_h[electronic resource] /
_cIraq Study Group
260 _bProject Gutenberg,
_c2008
506 _aPublic domain in the USA.
516 _aElectronic text
653 _aUnited States -- Foreign relations -- 2001-
653 _aArab-Israeli conflict -- 1993- -- Peace
653 _aTerrorism -- Government policy -- United States
653 _aUnited States -- Military policy
653 _aIraq War, 2003-2011
653 _aIraq -- Politics and government -- 2003-
830 0 _aProject Gutenberg
_v25686
856 4 0 _uhttp://www.gutenberg.org/ebooks/25686
942 _cEB
999 _c254941
_d254941